000
00218nam a22000857a 4500
008
231120b |||||||| |||| 00| 0 eng d
020
_a
9789355953131
100
_a
Oswaal
_9
7599
245
_a
Oswaal English Class-10 Worksheets
999
_c
12464
_d
12464